000 00325nam a22001217a 4500
040 _cHS
082 _a333
100 _aម៉ែន សុខា
245 _aសេនេទិចនិងការផលិតកូនត្រីពូជ
260 _aRUA
_bម៉ែន សុខា
_c2011
300 _a81p;
942 _cKB
999 _c9703
_d9703